Nihilism, its origin and nature, with a Christian answer (Record no. 50901)
[ view plain ]
| 000 -LEADER | |
|---|---|
| fixed length control field | 00643nam a2200169Ia 4500 |
| 008 - FIXED-LENGTH DATA ELEMENTS--GENERAL INFORMATION | |
| fixed length control field | 231221s9999 xx 000 0 und d |
| 041 ## - LANGUAGE CODE | |
| Language code of text/sound track or separate title | eng |
| 050 ## - LIBRARY OF CONGRESS CALL NUMBER | |
| Classification number | B828.3 |
| Item number | .T431 1961 |
| 100 ## - MAIN ENTRY--PERSONAL NAME | |
| Personal name | Thielicke, Helmut |
| 245 #0 - TITLE STATEMENT | |
| Title | Nihilism, its origin and nature, with a Christian answer |
| Remainder of title | / |
| Statement of responsibility, etc. | Helmut Thielicke; translated by John W. Doberstein |
| 260 ## - PUBLICATION, DISTRIBUTION, ETC. | |
| Place of publication, distribution, etc. | New York: |
| Name of publisher, distributor, etc. | Harper & Brothers, |
| Date of publication, distribution, etc. | 1961 |
| 300 ## - PHYSICAL DESCRIPTION | |
| Extent | 186 p. |
| Other physical details | ; |
| Dimensions | 22 cm. |
| 500 ## - GENERAL NOTE | |
| General note | Translation of: Der Nihilismus |
| 650 ## - SUBJECT ADDED ENTRY--TOPICAL TERM | |
| Topical term or geographic name entry element | Apologetics.Nihilism Religious aspects Christianity.Nihilisme (Politique) Aspect religieux Christianisme. |
| 700 ## - ADDED ENTRY--PERSONAL NAME | |
| Personal name | Doberstein, John W. |
| Withdrawn status | Lost status | Damaged status | Not for loan | Home library | Current library | Shelving location | Date acquired | Total Checkouts | Full call number | Barcode | Date last seen | Price effective from | Koha item type |
|---|---|---|---|---|---|---|---|---|---|---|---|---|---|
| GETS Theological Seminary Library | GETS Theological Seminary Library | 12/27/2023 | B828.3 .T431 1961 | 00032424 | 12/27/2023 | 12/27/2023 | English Books |